top 10 of most fashionable countries - Statistics

General Stats
  • This quiz has been taken 94 times
  • The average score is 8 of 10
Answer Stats
Hint Answer % Correct
2 France
99%
1 Italy
99%
4 United States
96%
5 United Kingdom
93%
3 Spain
92%
10 Japan
81%
9 Australia
69%
7 South Korea
55%
6 Switzerland
41%
8 Singapore
36%
No matching quizzes found
Score Distribution
Percent of People with Each Score
Percentile by Number Answered
Your Score History
You have not taken this quiz